00471nam a2200193Ia 4500008004100000020001400041050001400055100001300069245002400082245004900106260001500155260001600170260000900186300001500195300002700210300001000237440002200247500000800269170918s9999 xx 000 0 und d a590819186 bR888 1997 aRoy, Ron 4aThe absent author / cRon Roy ; illustrated by John Steven Gurney. aNew York : bScholastic, c1997 a86 pages : bcolored illustration ; c19cm. aA to Z mysteries. a510